000 00388nam a22001217a 4500
008 230621b xxu||||| |||| 00| 0 eng d
082 _a328.06
_bIPU
100 _cInterparliamentary Union
245 _aPreliminary Documents
_b70th Conference SEOUL 4-12 october 1983
_cAgenda Draft Resolutions Reports
260 _aGeneva
_bSecretariat of the Union
_c1983
300 _a146p
942 _2ddc
_cBK
999 _c2042
_d2042